000 00395nam a2200145Ia 4500
008 230711s9999||||xx |||||||||||||| ||und||
041 _aENG
082 _a4
_bBE-M
100 _aBrey,BB
245 0 _aMicroprocessor/Hardware: Interfacing and ApplicationsĀ 
250 _a1st Ed.
260 _c1989
_aNew Delhi
_bCBS Publishers & Distributors Pvt.Ltd
650 _aComputer Engineering
942 _cBK
999 _c506
_d506